000 00782nam a2200241 i 4500
001 9950
003 ES-MaACL
005 20240225140134.0
007 t|
008 910609s1993 xxk ||||1| eng d
020 _a0-19-431136-8
080 _a811.111'374
100 1 _aHornby, A. S.
_964215
245 1 0 _aOxford advanced learner's dictionary of current English /
_cA.S. Hornby ; chief editor, A.P. Cowie.
250 _a4th ed. [9th.imp.].
260 _aOxford [etc.] :
_bOxford University Press,
_c1993.
300 _aXIX, 1579 p. ;
_c22 cm.
650 1 4 _aLengua inglesa-
_vDiccionarios.
_914269
700 1 _aCowie, A. P.
_941379
852 _aES-MaACL
_jA-15228
_bR.122672
_9 10232
_cDEPO1
_dOlim: DIC-L 111'374
_dOlim: Meseton
942 _2udc
999 _c9950
_d9950